Language learning online: towards best practice
Αποθηκεύτηκε σε:
| Άλλοι συγγραφείς: | |
|---|---|
| Μορφή: | Βιβλίο |
| Γλώσσα: | English |
| Δημοσίευση: |
Lisse; Tokyo :
Swets & Zeitlinger,
[2003]
|
| Σειρά: | Language learning and language teaching
|
| Θέματα: | |
| Ετικέτες: |
Προσθήκη ετικέτας
Δεν υπάρχουν, Καταχωρήστε ετικέτα πρώτοι!
|
MARC
| LEADER | 00000nam a2200000 i 4500 | ||
|---|---|---|---|
| 001 | 1/58195 | ||
| 008 | 071011s2003 eng d | ||
| 020 | |a 9026519486 (hbk.) | ||
| 022 | |a 1568248X | ||
| 035 | |l 10091446 | ||
| 040 | |a GR-MY-UA |b gre |e aacr | ||
| 041 | 0 | |a eng | |
| 082 | 0 | |a 418.00285 |2 (22) | |
| 245 | 1 | 0 | |a Language learning online: towards best practice / |c edited by Ushi Felix |
| 260 | |a Lisse; Tokyo : |b Swets & Zeitlinger, |c [2003] | ||
| 300 | |a x, 214 σ.; |c 24 εκ. | ||
| 490 | 1 | |a Language Learning and Language Technology | |
| 504 | |a Περιλαμβάνει βιβλιογραφίες και ευρετήριο | ||
| 650 | 0 | 0 | |a Language and languages |x Computer-assisted instruction. |
| 650 | 0 | 0 | |a Language and languages |x Study and teaching |x Technological innovations. |
| 700 | 1 | |a Felix, Ushi. |4 edt | |
| 830 | 0 | |a Language learning and language teaching | |
| 852 | |a INST |b RHODES |e 20071011 |h 418.00285 LAN |p 005400025440 |q 005400025440 |t BK |y 0 | ||
| 901 | |a BIBL4-2007-3 | ||
| 909 | |a Ρ |b 139554 | ||
| 922 | |a 4ΕΛΗ |b 200709 |c ΕΠΕΑΕΚ2/ΠΤΔΕ |d ΠΑΠΑΣΩΤΗΡΙΟΥ | ||
| 970 | |a ΧΑΡΙΟΠΟΛΙΤΟΥ |b ΚΩΝΣΤΑΝΤΙΝΑ |z 2007/10/11 | ||